Informácie a štúdie č. 55 k otázkam zdokonaľovania oblastného plánovania

Enregistré dans:
Détails bibliographiques
Format: Livre
Langue:slovaque
Publié: Bratislava Výskumný ústav oblastného plánovania 1985
Édition:1. vyd.
Tags: Ajouter un tag
Pas de tags, Soyez le premier à ajouter un tag!

MARC

LEADER 00000nam a2200000 4500
001 c110037
005 20221220075508.8
041 0 |a slo 
044 |a SK 
245 1 0 |a Informácie a štúdie č. 55  |b k otázkam zdokonaľovania oblastného plánovania 
250 |a 1. vyd. 
264 1 |a Bratislava  |b Výskumný ústav oblastného plánovania  |c 1985 
300 |a 85 s.